000 01096nam a22002897a 4500
005 20170426104306.0
010 _a1516EN07 B-599121-138 ENG-115283
020 _c699.00
_a9788126556175
035 _aB-599121-138
035 _aB-665208
035 _aEN-98815
037 _bAsian Book Centre/Ven
_adpl
037 _bDBAD/PUB
082 _a658.15
245 _aCorporate finance:
_cby Pierre Vernimmen...[et al]
_btheory and practice /
250 _a4th ed
260 _aNew Delhi
_bWiley India
_c2015
270 _a4435-36/7, Ansari Road, Daryaganj,
_bNew Delhi
_e110002
300 _axiv,980p.
_c26cm(pbk)
500 _aIncludes bibliographical references and index.
650 _aCorporations
_xFinance.
650 _a Business enterprises
_xFinance.
700 _aVernimmen, Pierre
942 _2ddc
_cEN
_h658.15
_mCOR
999 _c96319
_d96319